I Seminario Nacional de Informática Municipal
Publicado:
San Jorge, núm. 85 (1r trimestre 1972), pàg 72 :
Otros Autores:
Muntadas, José Matías
MARC
| LEADER | 00000nam a2200000Ia 4500 | ||
|---|---|---|---|
| 001 | |||
| 008 | 160829s9999 xx 000 0 cat d | ||
| 245 | |a I Seminario Nacional de Informática Municipal | ||
| 260 | |a San Jorge, núm. 85 (1r trimestre 1972), pàg 72 | ||
| 650 | |a Informàtica |9 41043 | ||
| 650 | |a España |9 41044 | ||
| 700 | |a Muntadas, José Matías |9 41045 | ||
| 901 | |a Arxiu | ||
| 942 | |n 1 | ||
| 952 | |0 0 |1 0 |4 0 |7 1 |9 50008 |a Arxiu |b Arxiu |d 2016-12-01 |l 0 |r 2016-12-01 00:00:00 |w 2016-12-01 |y ARXIU | ||
| 999 | |c 53850 |d 53850 | ||